Villes contenant le mot "Seine" - Statistiques

Statistiques générales
  • Ce quiz a été pris 31 fois
  • Le résultat moyen est 9 sur 74
Statistiques - réponses
Département Villes Habitants % Correct
Hauts-de-Seine Neuilly-sur-Seine 59 200
83%
Val-de-Marne Ivry-sur-Seine 64 526
76%
Val-de-Marne Vitry-sur-Seine 95 282
72%
Hauts-de-Seine Asnières-sur-Seine 91 457
48%
Aube Nogent-sur-Seine 5 673
41%
Seine-Saint-Denis Épinay-sur-Seine 53 564
38%
Seine-Saint-Denis Saint-Ouen-sur-Seine 53 041
38%
Aube Romilly-sur-Seine 14 751
31%
Yvelines Carrières-sur-Seine 15 002
28%
Aube Bar-sur-Seine 2 869
24%
Val-de-Marne Ablon-sur-Seine 6 029
21%
Côte-d'Or Châtillon-sur-Seine 5 404
21%
Val-d'Oise Herblay-sur-Seine 31 818
21%
Seine-et-Marne Seine-Port 1 824
21%
Côte-d'Or Source-Seine 60
17%
Yvelines Verneuil-sur-Seine 16 112
17%
Essonne Vigneux-sur-Seine 31 233
17%
Seine-et-Marne Champagne-sur-Seine 6 491
14%
Seine-et-Marne Le Mée-sur-Seine 19 527
14%
Seine-et-Marne Livry-sur-Seine 2 224
14%
Côte-d'Or Saint-Marc-sur-Seine 111
14%
Yvelines Triel-sur-Seine 12 386
14%
Yvelines Croissy-sur-Seine 10 580
10%
Val-d'Oise La Frette-sur-Seine 4 587
10%
Essonne Morsang-sur-Seine 584
10%
Seine-Maritime Port-Jérôme-sur-Seine 10 392
10%
Yvelines Rosny-sur-Seine 7 041
10%
Seine-et-Marne Vernou-la-Celle-sur-Seine 2 621
10%
Seine-et-Marne Vulaines-sur-Seine 2 720
10%
Yvelines Bonnières-sur-Seine 5 077
7%
Seine-et-Marne Bray-sur-Seine 2 378
7%
Marne Conflans-sur-Seine 621
7%
Yvelines Flins-sur-Seine 2 436
7%
Aube Méry-sur-Seine 1 442
7%
Yvelines Mézières-sur-Seine 3 874
7%
Aube Neuville-sur-Seine 383
7%
Aube Pont-sur-Seine 1 117
7%
Eure Quillebeuf-sur-Seine 838
7%
Essonne Soisy-sur-Seine 7 370
7%
Yvelines Vaux-sur-Seine 5 143
7%
Yvelines Villennes-sur-Seine 5 792
7%
Seine-et-Marne Villiers-sur-Seine 285
7%
Eure Courcelles-sur-Seine 2 157
3%
Marne Marcilly-sur-Seine 627
3%
Aube Marnay-sur-Seine 235
3%
Yvelines Mézy-sur-Seine 2 261
3%
Seine-Maritime Oissel-sur-Seine 12 287
3%
Essonne Saintry-sur-Seine 5 853
3%
Seine-et-Marne Samois-sur-Seine 2 066
3%
Seine-et-Marne Varennes-sur-Seine 3 724
3%
Côte-d'Or Aisey-sur-Seine 166
0%
Seine-Maritime Arelaune-en-Seine 2 500
0%
Eure Barneville-sur-Seine 530
0%
Côte-d'Or Bellenod-sur-Seine 68
0%
Seine-Maritime Berville-sur-Seine 542
0%
Côte-d'Or Charrey-sur-Seine 137
0%
Seine-et-Marne Châtenay-sur-Seine 1 049
0%
Eure Criquebeuf-sur-Seine 1 537
0%
Seine-et-Marne Grisy-sur-Seine 115
0%
Aube Gyé-sur-Seine 464
0%
Seine-Maritime Hautot-sur-Seine 395
0%
Seine-et-Marne Marolles-sur-Seine 1 793
0%
Seine-et-Marne Melz-sur-Seine 346
0%
Yvelines Mousseaux-sur-Seine 680
0%
Seine-et-Marne Mouy-sur-Seine 357
0%
Aube Mussy-sur-Seine 944
0%
Côte-d'Or Nod-sur-Seine 206
0%
Côte-d'Or Noiron-sur-Seine 59
0%
Seine-et-Marne Noyen-sur-Seine 376
0%
Eure Porte-de-Seine 209
0%
Côte-d'Or Quemigny-sur-Seine 95
0%
Seine-Maritime Rives-en-Seine 4 044
0%
Côte-d'Or Sainte-Colombe-sur-Seine 919
0%
Seine-Maritime Yville-sur-Seine 424
0%
Aucun quiz correspondant
Distribution des résultats
% des personnes avec chaque résultat
Percentile par nombre de réponses
Votre historique - résultats
Vous n’avez pas pris ce quiz